| 000 | 00509nam a2200205 i 4500 | ||
|---|---|---|---|
| 001 | bg | ||
| 100 | 1 | _aSCMULLER, Joseph | |
| 245 | 1 | 0 |
_aDynamic HTML / _cJoseph Schmuller ; [tł. z ang.]. |
| 260 |
_aWarszawa : _bExit, _ccop. 1998. |
||
| 300 |
_a493 s. : _brys. ; _c20 cm. |
||
| 650 | 9 | _aHTML | |
| 655 | _aPodręczniki | ||
| 020 | _a8387674052 | ||
| 040 | _cBPK | ||
| 041 | 1 |
_apl _hen |
|
| 080 | _a004.438(07)A/Z | ||
| 920 | _a83-87674-05-2 | ||
| 942 | _cKS | ||
| 008 | s pl f |000 0 pol | ||
| 999 |
_c33423 _d33423 |
||
| 856 |
_uhttp://koha.tu.koszalin.pl/cgi-bin/koha/opac-detail.pl?biblionumber=33423 _yKatalog online BPK |
||